Statistics for 2016 NBA Quiz

Click here to take the quiz!

General Stats

  • This quiz has been taken 538 times
  • The average score is 8 of 11

Answer Stats

HintAnswer% Correct
Who did they beat?Golden State Warriors
97%
Who won the Finals MVP?LeBron James
97%
What player scored 60 points on his last career game?Kobe Bryant
95%
What All-Star went to the Golden State Warriors?Kevin Durant
94%
What team won the 2016 NBA Finals?Cleveland Cavaliers
93%
Who won their second straight NBA MVP?Stephen Curry
91%
Who held the record for most wins in a season before the 2016 Warriors?Chicago Bulls
88%
Who was drafted #1 overall by the 76ers?Ben Simmons
78%
Who won their second straight NBA Defensive Player of the Year Award?Kawhi Leonard
62%
What two players were the first duo to score 40+ points in a single NBA Finals game?Lebron James and Kyrie Irving
35%
Who is the highest paid player in the NBA?Mike Conley
19%

Score Distribution

Percentile by Number Answered

Percent of People with Each Score

Your Score History

You have not taken this quiz